000 00826nam a2200241Ia 4500
003 GCL
008 140319s9999 xx 000 0 ara d
020 _a0293314977
040 _aGCL /
_cGCL
082 0 4 _aق
_b728.81
_bخ ا
100 1 _aخالد عزب
245 1 0 _aاسوار وقلعة صلاح الدين /
_cخالد عزب
250 _aالاولى
260 _aالقاهرة :
_bمكتبة زهراء الشرق ،
_c2006
300 _a239 ص ؛
_c24 سم
650 0 4 _aالاثار الاسلامية
650 0 4 _aقلعة صلاح الدين
650 0 4 _aمصر - الاثار الاسلامية
650 0 4 _aالقاهرة - الاثار الاسلامية
650 0 4 _aمصر - الاثار
650 0 4 _aمصر - الاثار الاسلامية - العصر الايوبى
942 _2ddc
_cBK
999 _c9657
_d9657